[Event "Titled Tuesday 2022.01.18"]
[Site "chess.com INT"]
[Date "2022.01.18"]
[Round "2"]
[White "Yang, Kaiqi"]
[Black "Salinas Herrera, P."]
[Result "1/2-1/2"]
[WhiteElo "2481"]
[BlackElo "2517"]
[PlyCount "135"]
[EventDate "2022.01.18"]
[EventType "swiss (blitz)"]
[EventRounds "11"]
[EventCountry "NET"]
[Source "Mark Crowther"]
[SourceDate "2022.01.24"]

1. c4 c6 2. d4 d5 3. cxd5 cxd5 4. Bf4 Nc6 5. e3 Bf5 6. Nc3 e6 7. Qb3 Bb4 8. Bb5
Bxc3+ 9. Qxc3 Nge7 10. Nf3 O-O 11. O-O Qb6 12. Be2 Rfc8 13. Rfc1 h6 14. Qd2 Be4
15. h3 a5 16. Rc3 a4 17. Rac1 Na5 18. Bc7 Rxc7 19. Rxc7 Nac6 20. Rd7 Bxf3 21.
Bxf3 Kf8 22. e4 Ke8 23. Rd6 Qc7 24. e5 Qb6 25. Rc5 Nf5 26. Rdxc6 bxc6 27. Qc3
Kd7 28. Bg4 Ne7 29. Bd1 g6 30. g4 Rb8 31. b3 axb3 32. Bxb3 Ra8 33. Kg2 h5 34.
Qc2 hxg4 35. hxg4 Qb4 36. Qc3 Qa3 37. Qf3 Ke8 38. Qc3 Ra7 39. Qc2 Ra5 40. Rc3
Qb4 41. Qd3 Kd7 42. Kg3 Ra7 43. f3 Ra5 44. Qc2 Qxd4 45. Rd3 Qxe5+ 46. f4 Qd6
47. Qc3 Ra7 48. Qf6 Ke8 49. Rd1 Qc5 50. Rh1 Qe3+ 51. Kg2 Qe4+ 52. Kg1 Qe1+ 53.
Kg2 Qd2+ 54. Kg3 Qe3+ 55. Kg2 Qe4+ 56. Kg1 c5 57. Rh8+ Kd7 58. Qxf7 Qd4+ 59.
Kg2 Qd2+ 60. Kg3 Qe3+ 61. Kg2 c4 62. Qe8+ Kd6 63. Qb8+ Kc6 64. Rd8 Qe2+ 65. Kg3
Qe3+ 66. Kg2 Qe2+ 67. Kg3 Qe3+ 68. Kg2 1/2-1/2

[Event "Titled Tuesday 2022.01.18"]
[Site "chess.com INT"]
[Date "2022.01.18"]
[Round "4"]
[White "Degtiarev, E."]
[Black "Yang, Kaiqi"]
[Result "1/2-1/2"]
[WhiteElo "2380"]
[BlackElo "2481"]
[PlyCount "78"]
[EventDate "2022.01.18"]
[EventType "swiss (blitz)"]
[EventRounds "11"]
[EventCountry "NET"]
[Source "Mark Crowther"]
[SourceDate "2022.01.24"]

1. d4 Nf6 2. c4 g6 3. Nc3 Bg7 4. e4 O-O 5. h3 d6 6. Nf3 c5 7. d5 e6 8. Be2 exd5
9. exd5 Re8 10. O-O Bf5 11. Bd3 Bxd3 12. Qxd3 Nbd7 13. Bf4 Bf8 14. Rfe1 Qb6 15.
b3 Rxe1+ 16. Rxe1 Re8 17. Rxe8 Nxe8 18. Ne4 Ndf6 19. Nfg5 Qa5 20. Qe2 h6 21.
Nxf6+ Nxf6 22. Ne4 Nxe4 23. Qxe4 Qxa2 24. Qe8 Qa1+ 25. Kh2 Qf6 26. Bxh6 Qe7 27.
Qb8 b6 28. g3 g5 29. Bxf8 Qxf8 30. Qxa7 Qd8 31. Kg2 Kg7 32. Qb7 Kf6 33. Qa7 Kg6
34. g4 Qe8 35. Qxb6 Qe4+ 36. Kg1 Qe1+ 37. Kg2 Qe4+ 38. Kg1 Qe1+ 39. Kg2 Qe4+
1/2-1/2

[Event "Titled Tuesday 2022.01.18"]
[Site "chess.com INT"]
[Date "2022.01.18"]
[Round "5"]
[White "Yang, Kaiqi"]
[Black "Krzywda, A."]
[Result "1/2-1/2"]
[WhiteElo "2481"]
[BlackElo "2152"]
[PlyCount "99"]
[EventDate "2022.01.18"]
[EventType "swiss (blitz)"]
[EventRounds "11"]
[EventCountry "NET"]
[Source "Mark Crowther"]
[SourceDate "2022.01.24"]

1. c4 e5 2. Nc3 d6 3. Nf3 Be7 4. d4 Nd7 5. g3 f5 6. dxe5 dxe5 7. Nd5 Ngf6 8.
Nxe7 Qxe7 9. Bg2 O-O 10. O-O e4 11. Nd4 Ne5 12. Qc2 c5 13. Nb5 Be6 14. b3 Nc6
15. Bf4 Nd4 16. Qb2 Nxb5 17. cxb5 Rfd8 18. Rfd1 Nd5 19. Be5 Nc7 20. a4 Nd5 21.
f3 Ne3 22. Rxd8+ Rxd8 23. Qc3 Nxg2 24. Kxg2 exf3+ 25. exf3 Qd7 26. Ra2 b6 27.
a5 Bd5 28. axb6 axb6 29. Kf2 Qxb5 30. Rd2 Rd7 31. Bxg7 Bf7 32. Be5 c4 33. Rxd7
Qxd7 34. bxc4 Qd1 35. Bd4 Qh1 36. Bxb6 Qxh2+ 37. Ke3 Qxg3 38. c5 f4+ 39. Kd4
Qf2+ 40. Ke5 Qe2+ 41. Kd6 Qe6+ 42. Kc7 Qe7+ 43. Kb8 Qe8+ 44. Ka7 Qd7+ 45. Kb8
Be6 46. Qe5 Qc8+ 47. Ka7 Qd7+ 48. Kb8 Qc8+ 49. Ka7 Qd7+ 50. Kb8 1/2-1/2

[Event "Titled Tuesday 2022.01.18"]
[Site "chess.com INT"]
[Date "2022.01.18"]
[Round "6"]
[White "Khodzhamkuliev, B."]
[Black "Yang, Kaiqi"]
[Result "0-1"]
[WhiteElo "2159"]
[BlackElo "2481"]
[PlyCount "154"]
[EventDate "2022.01.18"]
[EventType "swiss (blitz)"]
[EventRounds "11"]
[EventCountry "NET"]
[Source "Mark Crowther"]
[SourceDate "2022.01.24"]

1. Nf3 Nf6 2. d4 g6 3. c3 Bg7 4. Bg5 O-O 5. Nbd2 d6 6. e4 Nbd7 7. Be2 e5 8.
dxe5 dxe5 9. O-O c6 10. Qc2 Qc7 11. b4 h6 12. Bh4 a5 13. a3 Nh5 14. Rfe1 Re8
15. Nc4 axb4 16. axb4 Rxa1 17. Rxa1 Nf8 18. Rd1 Bg4 19. Ne3 Be6 20. Nd2 Nf4 21.
Bc4 b5 22. Bxe6 N8xe6 23. Nb3 h5 24. Bg3 Bf6 25. Rd2 Kg7 26. h4 Rd8 27. Qd1
Rxd2 28. Qxd2 Qe7 29. Na5 Nd8 30. Nb3 Bxh4 31. Bxh4 Qxh4 32. Nc5 Qg5 33. Kf1 h4
34. Qd7 h3 35. gxh3 Qh4 36. Ng2 Qxh3 37. Qxh3 Nxh3 38. Ne3 Nf4 39. c4 Nfe6 40.
cxb5 cxb5 41. Nxe6+ Nxe6 42. Nd5 Kh6 43. Ke2 Kg5 44. Ke3 f5 45. exf5 gxf5 46.
f4+ Nxf4 47. Nc7 e4 48. Nxb5 Nd5+ 49. Kf2 Nxb4 50. Nd6 Nd5 51. Ke2 Kf6 52. Nc4
f4 53. Nd6 Ke5 54. Nf7+ Kd4 55. Ng5 Nc3+ 56. Kf2 e3+ 57. Ke1 Ke5 58. Nf3+ Ke4
59. Ng5+ Kd3 60. Nf3 Nd5 61. Ng1 Nf6 62. Nf3 Ke4 63. Ng5+ Kf5 64. Nf3 Ng4 65.
Nd4+ Ke4 66. Ne6 f3 67. Ng5+ Kf4 68. Nh3+ Kg3 69. Ng5 f2+ 70. Ke2 Nh2 71. Ne4+
Kg2 72. Nd2 f1=Q+ 73. Nxf1 Nxf1 74. Ke1 Ng3 75. Kd1 Kf2 76. Kc2 e2 77. Kc3
e1=Q+ 0-1

[Event "Titled Tuesday 2022.01.11"]
[Site "chess.com INT"]
[Date "2022.01.11"]
[Round "1"]
[White "Yang, Kaiqi"]
[Black "Priyanka, K."]
[Result "1/2-1/2"]
[WhiteElo "2481"]
[BlackElo "2202"]
[PlyCount "84"]
[EventDate "2022.01.11"]
[EventType "swiss (blitz)"]
[EventRounds "11"]
[EventCountry "NET"]
[Source "Mark Crowther"]
[SourceDate "2022.01.17"]

1. c4 Nf6 2. Nc3 g6 3. e4 d6 4. d4 Bg7 5. Nge2 O-O 6. Ng3 e5 7. d5 a5 8. Be2
Na6 9. h4 h5 10. Bg5 Qe8 11. Qc2 Nh7 12. Be3 c6 13. Qd2 Qe7 14. Bh6 Nc5 15. Rd1
Rd8 16. b3 Bf6 17. Nf1 Bxh4 18. g3 Bg5 19. Bxg5 Qxg5 20. Ne3 Nf6 21. Qc2 Ng4
22. Ng2 Qf6 23. f3 Nh6 24. g4 hxg4 25. Rxh6 gxf3 26. Ne3 fxe2 27. Qxe2 Bd7 28.
Kd2 Kg7 29. Rf1 Qg5 30. Qh2 Rh8 31. Rxf7+ Kxf7 32. Rxh8 Rxh8 33. Qxh8 Qf4 34.
Qh7+ Ke8 35. Qg8+ Ke7 36. Qg7+ Kd8 37. Qxg6 Kc7 38. Ne2 Qf3 39. Nc3 Qf2+ 40.
Ne2 Qf3 41. Nc3 Qf2+ 42. Ne2 Qf3 1/2-1/2

[Event "Titled Tuesday 2022.01.11"]
[Site "chess.com INT"]
[Date "2022.01.11"]
[Round "2"]
[White "Antonio, J."]
[Black "Yang, Kaiqi"]
[Result "0-1"]
[WhiteElo "2277"]
[BlackElo "2481"]
[PlyCount "66"]
[EventDate "2022.01.11"]
[EventType "swiss (blitz)"]
[EventRounds "11"]
[EventCountry "NET"]
[Source "Mark Crowther"]
[SourceDate "2022.01.17"]

1. d4 Nf6 2. Nf3 g6 3. c4 Bg7 4. Nc3 O-O 5. e4 d6 6. Be2 e5 7. O-O Na6 8. dxe5
dxe5 9. Qxd8 Rxd8 10. Bg5 Re8 11. Bxf6 Bxf6 12. Nd5 Bd8 13. a3 c6 14. Ne3 Nc5
15. Nd2 a5 16. b4 Na4 17. c5 Nc3 18. Bf3 Bg5 19. Ndc4 Bxe3 20. Nxe3 Be6 21.
Rfc1 axb4 22. axb4 Nb5 23. Be2 Nd4 24. Bf1 Nb3 25. Rxa8 Rxa8 26. Rd1 Ra4 27.
Bc4 Bxc4 28. Nxc4 Rxb4 29. Nd6 Nxc5 30. h4 Nxe4 31. Nxe4 Rxe4 32. Rd7 b5 33.
Rc7 Rc4 0-1

[Event "Titled Tuesday 2022.01.11"]
[Site "chess.com INT"]
[Date "2022.01.11"]
[Round "3"]
[White "Sipila, V."]
[Black "Yang, Kaiqi"]
[Result "1/2-1/2"]
[WhiteElo "2409"]
[BlackElo "2481"]
[PlyCount "112"]
[EventDate "2022.01.11"]
[EventType "swiss (blitz)"]
[EventRounds "11"]
[EventCountry "NET"]
[Source "Mark Crowther"]
[SourceDate "2022.01.17"]

1. e4 c5 2. Nf3 Nf6 3. e5 Nd5 4. Nc3 Nxc3 5. dxc3 Nc6 6. h4 e6 7. Bf4 Qb6 8. b3
Qc7 9. Qd2 a6 10. O-O-O h6 11. g4 b5 12. Bg2 Bb7 13. g5 c4 14. h5 Ne7 15. Qd6
Rc8 16. Qxc7 Rxc7 17. b4 hxg5 18. Bxg5 Nd5 19. Kb2 Be7 20. Bc1 f6 21. h6 gxh6
22. Rxh6 Rxh6 23. Bxh6 fxe5 24. Nxe5 Bf6 25. Bxd5 Bxd5 26. Ng4 Bh8 27. Bf4 Ra7
28. Be5 Bxe5 29. Nxe5 d6 30. Ng4 Bf3 31. Rg1 Bxg4 32. Rxg4 Rf7 33. Rg8+ Ke7 34.
Ra8 Rxf2 35. Rxa6 e5 36. Rb6 e4 37. Kc1 Rf5 38. Kd2 Kd7 39. Ke3 Re5 40. Ra6 Kc7
41. a4 bxa4 42. Rxa4 d5 43. Kd4 Rh5 44. Ra7+ Kc6 45. Ra6+ Kc7 46. Re6 Kd7 47.
Rg6 Rf5 48. b5 Kc7 49. Kc5 Re5 50. Rg7+ Kb8 51. b6 e3 52. Rg8+ Kb7 53. Rg7+ Kb8
54. Rg8+ Kb7 55. Rg7+ Kc8 56. Rg8+ Kb7 1/2-1/2

[Event "Titled Tuesday 2022.01.11"]
[Site "chess.com INT"]
[Date "2022.01.11"]
[Round "4"]
[White "Yang, Kaiqi"]
[Black "Fawzy, Adham"]
[Result "0-1"]
[WhiteElo "2481"]
[BlackElo "2472"]
[PlyCount "72"]
[EventDate "2022.01.11"]
[EventType "swiss (blitz)"]
[EventRounds "11"]
[EventCountry "NET"]
[Source "Mark Crowther"]
[SourceDate "2022.01.17"]

1. c4 c5 2. Nf3 Nc6 3. Nc3 e5 4. e3 Nf6 5. d4 e4 6. Ne5 h5 7. Be2 Qc7 8. Nxc6
dxc6 9. Qc2 Bf5 10. dxc5 Bxc5 11. Bd2 O-O-O 12. O-O-O Rhe8 13. h3 h4 14. Na4
Bd6 15. Bc3 Be5 16. Bxe5 Qxe5 17. Qc3 Qxc3+ 18. Nxc3 g5 19. Rxd8+ Kxd8 20. Rd1+
Ke7 21. c5 Rg8 22. Rh1 g4 23. hxg4 Bxg4 24. Bxg4 Rxg4 25. Rh2 Nd7 26. b4 Ne5
27. Kd2 f5 28. a3 h3 29. Rxh3 Rxg2 30. Ke2 Nd3 31. Nd1 Rg7 32. Rh6 Ne5 33. Nc3
Nf3 34. Rh5 Rg1 35. Rh7+ Kf6 36. Rh6+ Kg7 0-1

[Event "Titled Tuesday 2022.01.11"]
[Site "chess.com INT"]
[Date "2022.01.11"]
[Round "5"]
[White "Thorhallsson, Simon"]
[Black "Yang, Kaiqi"]
[Result "0-1"]
[WhiteElo "2245"]
[BlackElo "2481"]
[PlyCount "62"]
[EventDate "2022.01.11"]
[EventType "swiss (blitz)"]
[EventRounds "11"]
[EventCountry "NET"]
[Source "Mark Crowther"]
[SourceDate "2022.01.17"]

1. d4 Nf6 2. c4 g6 3. g3 Bg7 4. Bg2 O-O 5. Nc3 d6 6. Nf3 c5 7. O-O Nc6 8. dxc5
dxc5 9. Bf4 Nh5 10. Be3 b6 11. Qa4 Bd7 12. Rfd1 Qc8 13. Rxd7 Qxd7 14. Rd1 Qe8
15. Nd5 Rc8 16. g4 Nf6 17. Nxf6+ Bxf6 18. Bh6 Bg7 19. Bxg7 Kxg7 20. e3 f6 21.
Ne1 Rf7 22. Nc2 e6 23. Na3 Ne5 24. Qc2 Nxg4 25. Nb5 Rd7 26. Nd6 Qd8 27. Nxc8
Rxd1+ 28. Bf1 Rxf1+ 29. Kxf1 Qxc8 30. Qe4 Ne5 31. h4 Qc6 0-1

[Event "Titled Tuesday 2022.01.11"]
[Site "chess.com INT"]
[Date "2022.01.11"]
[Round "6"]
[White "Yang, Kaiqi"]
[Black "Gelman, A."]
[Result "1-0"]
[WhiteElo "2481"]
[BlackElo "2403"]
[PlyCount "65"]
[EventDate "2022.01.11"]
[EventType "swiss (blitz)"]
[EventRounds "11"]
[EventCountry "NET"]
[Source "Mark Crowther"]
[SourceDate "2022.01.17"]

1. c4 c5 2. Nf3 Nf6 3. Nc3 d6 4. g3 e6 5. Bg2 Be7 6. O-O O-O 7. b3 a6 8. Bb2
Nbd7 9. e3 Qc7 10. d4 cxd4 11. exd4 Re8 12. Re1 b6 13. Ng5 Bb7 14. d5 e5 15.
Rc1 Rac8 16. Bh3 Nf8 17. Bxc8 Bxc8 18. f3 N6d7 19. Nge4 f5 20. Nf2 Bg5 21. Rc2
Nf6 22. Bc1 h6 23. Rce2 b5 24. f4 exf4 25. Rxe8 Nxe8 26. Rxe8 fxg3 27. hxg3
Bxc1 28. Qxc1 bxc4 29. Ncd1 Qd7 30. Qe3 cxb3 31. axb3 Bb7 32. Re7 Qb5 33. Qd4
1-0

[Event "Titled Tuesday 2022.01.11"]
[Site "chess.com INT"]
[Date "2022.01.11"]
[Round "7"]
[White "Siddharth, Jagadeesh"]
[Black "Yang, Kaiqi"]
[Result "1/2-1/2"]
[WhiteElo "2344"]
[BlackElo "2481"]
[PlyCount "83"]
[EventDate "2022.01.11"]
[EventType "swiss (blitz)"]
[EventRounds "11"]
[EventCountry "NET"]
[Source "Mark Crowther"]
[SourceDate "2022.01.17"]

1. d4 d5 2. c4 e6 3. Nf3 a6 4. Bg5 Be7 5. Bxe7 Qxe7 6. g3 dxc4 7. Bg2 Nf6 8.
O-O O-O 9. Qc2 b5 10. a4 Bb7 11. Na3 Be4 12. Qc1 c6 13. Ne5 Bxg2 14. Kxg2 Nfd7
15. Qe3 Nxe5 16. Qxe5 Nd7 17. Qe4 Qd6 18. axb5 axb5 19. Nxb5 Qd5 20. Nc3 Qxe4+
21. Nxe4 Rfb8 22. Rxa8 Rxa8 23. Rc1 Nb6 24. Nd2 Ra4 25. b3 cxb3 26. Nxb3 Rb4
27. Na5 Rxd4 28. Nxc6 Rc4 29. Rd1 g6 30. Ne5 Rc7 31. Rd6 Nd5 32. Rc6 Ra7 33.
Rc2 Kg7 34. Nd3 h5 35. h4 Ra4 36. Rb2 Ra7 37. e3 Rd7 38. Ne5 Ra7 39. Rc2 Rc7
40. Rxc7 Nxc7 41. Nf3 Kf6 42. Ng5 1/2-1/2

[Event "Titled Tuesday 2022.01.11"]
[Site "chess.com INT"]
[Date "2022.01.11"]
[Round "8"]
[White "Yang, Kaiqi"]
[Black "Gabrielian, A."]
[Result "1/2-1/2"]
[WhiteElo "2481"]
[BlackElo "2464"]
[PlyCount "81"]
[EventDate "2022.01.11"]
[EventType "swiss (blitz)"]
[EventRounds "11"]
[EventCountry "NET"]
[Source "Mark Crowther"]
[SourceDate "2022.01.17"]

1. c4 Nf6 2. Nc3 g6 3. e4 Bg7 4. d4 O-O 5. Be2 d6 6. Nf3 e5 7. d5 a5 8. Bg5 h6
9. Be3 Ng4 10. Bd2 f5 11. exf5 gxf5 12. h3 Nf6 13. Qc1 f4 14. g3 Nh5 15. g4 Nf6
16. g5 hxg5 17. Nxg5 Bf5 18. Rg1 Qe7 19. Ne6 Bxe6 20. dxe6 c6 21. Qc2 Na6 22.
Qg6 Nc5 23. h4 Kh8 24. h5 Rg8 25. O-O-O Nxe6 26. Bd3 d5 27. h6 Bf8 28. Qf5 Nd4
29. Rxg8+ Nxg8 30. Qh5 Nf6 31. Qh4 dxc4 32. Bxc4 b5 33. Bd3 e4 34. Bb1 b4 35.
Na4 Ne2+ 36. Kc2 Qc5+ 37. Nxc5 Nd4+ 38. Kc1 Ne2+ 39. Kc2 Nd4+ 40. Kc1 Ne2+ 41.
Kc2 1/2-1/2

[Event "Titled Tuesday 2022.01.11"]
[Site "chess.com INT"]
[Date "2022.01.11"]
[Round "10"]
[White "Bettalli, Francesco"]
[Black "Yang, Kaiqi"]
[Result "0-1"]
[WhiteElo "2302"]
[BlackElo "2481"]
[PlyCount "80"]
[EventDate "2022.01.11"]
[EventType "swiss (blitz)"]
[EventRounds "11"]
[EventCountry "NET"]
[Source "Mark Crowther"]
[SourceDate "2022.01.17"]

1. d4 Nf6 2. c4 g6 3. Nc3 Bg7 4. e4 d6 5. Bg5 O-O 6. f3 c5 7. Nge2 Nc6 8. d5
Ne5 9. Nc1 h6 10. Be3 e6 11. Be2 exd5 12. cxd5 a6 13. a4 Nh5 14. g3 Nf6 15. O-O
Re8 16. Kg2 Qd7 17. g4 h5 18. h3 hxg4 19. hxg4 Rb8 20. Nd3 Nc4 21. Bg5 b5 22.
axb5 axb5 23. Rh1 b4 24. Na4 Nxe4 25. fxe4 Rxe4 26. Bf3 Rd4 27. Qe2 Bb7 28. b3
Re8 29. Qf2 Ne5 30. Nxe5 Rxe5 31. Be3 Rd3 32. Bf4 Rxf3 33. Qxf3 Bxd5 34. Bxe5
Bxf3+ 35. Kxf3 Bxe5 36. Rhd1 Bxa1 37. Rxa1 Qb7+ 38. Ke3 Qd5 39. Rb1 Qd4+ 40.
Ke2 Qe4+ 0-1

[Event "Titled Tuesday 2022.01.04"]
[Site "chess.com INT"]
[Date "2022.01.04"]
[Round "1"]
[White "Zaksaite, Salomeja"]
[Black "Yang, Kaiqi"]
[Result "1-0"]
[WhiteElo "2261"]
[BlackElo "2481"]
[PlyCount "73"]
[EventDate "2022.01.04"]
[EventType "swiss (blitz)"]
[EventRounds "11"]
[EventCountry "NET"]
[Source "Mark Crowther"]
[SourceDate "2022.01.10"]

1. e4 c5 2. Nf3 Nf6 3. Nc3 d5 4. exd5 Nxd5 5. Bb5+ Bd7 6. Qe2 Nf6 7. Bxd7+
Nbxd7 8. d4 cxd4 9. Nxd4 g6 10. Ndb5 Bg7 11. Nd6+ Kf8 12. Nde4 h5 13. O-O h4
14. Rd1 Qc7 15. h3 Rh5 16. Bg5 Re8 17. Nxf6 exf6 18. Be3 Kg8 19. Nd5 Qc6 20. c4
Ne5 21. b3 f5 22. Qf3 a6 23. Qe2 b5 24. cxb5 axb5 25. Rac1 Qb7 26. Kh1 Nc6 27.
Nf4 Rh8 28. Qf3 Rc8 29. Rc5 Kh7 30. Rdc1 Qa8 31. Rxc6 Rxc6 32. Qxc6 Qxa2 33.
Qc2 Qa6 34. Nd5 b4 35. Nxb4 Qb7 36. Nc6 Rc8 37. Qc4 1-0

[Event "Titled Tuesday 2022.01.04"]
[Site "chess.com INT"]
[Date "2022.01.04"]
[Round "2"]
[White "Yang, Kaiqi"]
[Black "Gaboyan, S."]
[Result "1-0"]
[WhiteElo "2481"]
[BlackElo "2254"]
[PlyCount "61"]
[EventDate "2022.01.04"]
[EventType "swiss (blitz)"]
[EventRounds "11"]
[EventCountry "NET"]
[Source "Mark Crowther"]
[SourceDate "2022.01.10"]

1. c4 Nf6 2. Nc3 d5 3. cxd5 Nxd5 4. Nf3 Nc6 5. g3 g6 6. Bg2 Bg7 7. O-O Nb6 8.
e3 O-O 9. d4 e5 10. d5 Ne7 11. e4 Bg4 12. h3 Bxf3 13. Qxf3 Nc4 14. Rd1 Nd6 15.
Bg5 h6 16. Bf6 Kh7 17. Rac1 Bxf6 18. Qxf6 Nc6 19. Qxd8 Nxd8 20. a4 f5 21. Nb5
Nxb5 22. axb5 Rf7 23. exf5 gxf5 24. Rc5 Rc8 25. Rdc1 b6 26. R5c3 Nb7 27. Ra1
Nd6 28. Bf1 f4 29. Rxa7 fxg3 30. fxg3 Ne4 31. Bd3 1-0

[Event "Titled Tuesday 2022.01.04"]
[Site "chess.com INT"]
[Date "2022.01.04"]
[Round "3"]
[White "Burdalev, Kirill"]
[Black "Yang, Kaiqi"]
[Result "1-0"]
[WhiteElo "2379"]
[BlackElo "2481"]
[PlyCount "71"]
[EventDate "2022.01.04"]
[EventType "swiss (blitz)"]
[EventRounds "11"]
[EventCountry "NET"]
[Source "Mark Crowther"]
[SourceDate "2022.01.10"]

1. d4 d5 2. Nf3 e6 3. Bf4 Bd6 4. Bg3 Nf6 5. e3 b6 6. Nbd2 O-O 7. c3 Bb7 8. Bd3
Ne4 9. Qe2 Nd7 10. Ne5 f6 11. Nef3 f5 12. Ba6 Bxa6 13. Qxa6 Qe7 14. O-O Nxg3
15. hxg3 g5 16. c4 Nf6 17. cxd5 exd5 18. Rac1 Ne4 19. Qb5 Nxd2 20. Qxd5+ Kh8
21. Nxd2 Rad8 22. Qb3 Rf6 23. Nf3 Rh6 24. Rfd1 Rg8 25. Qd5 f4 26. Ne5 Rf6 27.
exf4 gxf4 28. g4 Qg7 29. f3 Re8 30. Re1 Rfe6 31. Re4 c5 32. Rce1 Bxe5 33. Rxe5
Rxe5 34. Rxe5 Rc8 35. Qe4 cxd4 36. Qxd4 1-0

[Event "Titled Tuesday 2022.01.04"]
[Site "chess.com INT"]
[Date "2022.01.04"]
[Round "4"]
[White "Yang, Kaiqi"]
[Black "Todorovic, Boj"]
[Result "1-0"]
[WhiteElo "2481"]
[BlackElo "2222"]
[PlyCount "73"]
[EventDate "2022.01.04"]
[EventType "swiss (blitz)"]
[EventRounds "11"]
[EventCountry "NET"]
[Source "Mark Crowther"]
[SourceDate "2022.01.10"]

1. c4 Nf6 2. Nc3 g6 3. e4 d6 4. d4 Bg7 5. Nge2 O-O 6. Ng3 e5 7. d5 h5 8. Bg5
Qe8 9. h4 Nh7 10. Be3 Qd8 11. Be2 Bf6 12. Bxh5 gxh5 13. Qxh5 Bg7 14. Qe2 Nd7
15. Nh5 Ndf6 16. Nxg7 Kxg7 17. f3 Nh5 18. Qd2 Qf6 19. O-O-O Bd7 20. g4 Nf4 21.
g5 Qe7 22. Bxf4 exf4 23. Qxf4 f5 24. Qd2 fxe4 25. fxe4 Qe5 26. Kb1 Bg4 27. Rde1
Bh5 28. a3 Rf3 29. Nb5 Bg6 30. Nxc7 Bxe4+ 31. Ka2 Nf8 32. Nxa8 Nd7 33. Nc7 Nc5
34. Ne6+ Nxe6 35. dxe6 Qxe6 36. Qd4+ Kg8 37. Rxe4 1-0

[Event "Titled Tuesday 2022.01.04"]
[Site "chess.com INT"]
[Date "2022.01.04"]
[Round "5"]
[White "Yang, Kaiqi"]
[Black "Minko, Dmitry"]
[Result "1-0"]
[WhiteElo "2481"]
[BlackElo "2207"]
[PlyCount "157"]
[EventDate "2022.01.04"]
[EventType "swiss (blitz)"]
[EventRounds "11"]
[EventCountry "NET"]
[Source "Mark Crowther"]
[SourceDate "2022.01.10"]

1. c4 e6 2. Nc3 d5 3. d4 Be7 4. Nf3 Nf6 5. Bf4 O-O 6. e3 Nbd7 7. a3 c5 8. cxd5
Nxd5 9. Nxd5 exd5 10. Be2 Qa5+ 11. Qd2 Qxd2+ 12. Kxd2 Nf6 13. dxc5 Ne4+ 14. Ke1
Bxc5 15. Rd1 Be6 16. Nd4 Rac8 17. f3 Bxd4 18. Rxd4 Rc1+ 19. Rd1 Rxd1+ 20. Bxd1
Nc5 21. Bc2 Rc8 22. Kd2 f5 23. Be5 Kf7 24. Bd4 b6 25. b4 Nb7 26. Bd3 Nd6 27. a4
Nc4+ 28. Ke2 g6 29. h4 h5 30. Ra1 a6 31. Kf2 Ke7 32. Kg3 Kd6 33. Kf4 Ke7 34.
Kg5 Kf7 35. Rc1 Bd7 36. a5 bxa5 37. bxa5 Nxa5 38. Ra1 Nb3 39. Rxa6 Nxd4 40.
exd4 Be6 41. Ra7+ Kf8 42. Kf6 Rc6 43. Bb5 Rb6 44. Ra8+ Bc8+ 45. Ke5 Rxb5 46.
Rxc8+ Kg7 47. Rc6 Rb2 48. g3 Rf2 49. f4 Rf3 50. Kxd5 Rxg3 51. Rc7+ Kf6 52. Rc6+
Kf7 53. Ke5 Re3+ 54. Kd6 Re4 55. d5 Rxf4 56. Kd7 Rxh4 57. d6 Rd4 58. Kd8 Kf6
59. d7+ Kg5 60. Ke7 Re4+ 61. Re6 Rd4 62. Rd6 Re4+ 63. Kf7 h4 64. d8=Q+ Kg4 65.
Rd1 g5 66. Rg1+ Kf3 67. Qxg5 Rg4 68. Qxf5+ Rf4 69. Qxf4+ Kxf4 70. Kg6 h3 71.
Kh5 Kf3 72. Kh4 Kf2 73. Rh1 Kg2 74. Rxh3 Kg1 75. Ra3 Kg2 76. Kg4 Kh2 77. Ra2+
Kh1 78. Kg3 Kg1 79. Ra1# 1-0

[Event "Titled Tuesday 2022.01.04"]
[Site "chess.com INT"]
[Date "2022.01.04"]
[Round "6"]
[White "Starozhilov, L."]
[Black "Yang, Kaiqi"]
[Result "1/2-1/2"]
[WhiteElo "2293"]
[BlackElo "2481"]
[PlyCount "222"]
[EventDate "2022.01.04"]
[EventType "swiss (blitz)"]
[EventRounds "11"]
[EventCountry "NET"]
[Source "Mark Crowther"]
[SourceDate "2022.01.10"]

1. e4 c5 2. Nf3 Nf6 3. d3 Nc6 4. Nbd2 d5 5. g3 dxe4 6. dxe4 b6 7. c3 g6 8. Bg2
Qd3 9. Qa4 Bd7 10. Bf1 Qd6 11. Qc2 Bg7 12. Bg2 O-O 13. O-O b5 14. a4 bxa4 15.
Rxa4 Rac8 16. Nc4 Qc7 17. Bf4 Qb7 18. Rfa1 Nh5 19. Be3 Nb4 20. cxb4 Bxa4 21.
Rxa4 cxb4 22. b3 Nf6 23. Rxa7 Qxe4 24. Qxe4 Nxe4 25. Rxe7 Rfe8 26. Rb7 Bc3 27.
Nfe5 Bxe5 28. Bxe4 Rb8 29. Rxb8 Bxb8 30. Bd5 Be5 31. Bc6 Re6 32. Bd5 Re8 33.
Kg2 Bc3 34. Kf3 Rd8 35. Be4 Kg7 36. h4 f5 37. Bc2 Ra8 38. Bf4 Ra2 39. Ne3 Bd4
40. Bd3 Rb2 41. Bc4 Kf6 42. Bg5+ Kg7 43. Bf4 Bc3 44. Bd6 Be1 45. Nd1 Rd2 46.
Be5+ Kf8 47. Be2 Rd5 48. Bf4 Kg7 49. Ne3 Rd8 50. Nc4 Bc3 51. Be3 Ra8 52. Nd6
Ra3 53. Bc4 Ra2 54. Nb5 Rc2 55. Bf4 h6 56. Be3 Rb2 57. Nxc3 bxc3 58. Bd4+ Kh7
59. Bxc3 Rb1 60. Bd4 g5 61. hxg5 hxg5 62. g4 fxg4+ 63. Kxg4 Rg1+ 64. Kf3 Kg6
65. Bd3+ Kh5 66. Be3 Rd1 67. Bc4 Rb1 68. Ke2 Kg4 69. Kd2 Kf3 70. Kc2 Ra1 71.
Bxg5 Kxf2 72. Bf6 Ra8 73. Bd4+ Kg3 74. Be5+ Kh4 75. Kd3 Kg5 76. b4 Kf5 77. Bd6
Rd8 78. Kd4 Rxd6+ 79. Kc5 Rh6 80. Bd3+ Ke5 81. b5 Rh8 82. b6 Rc8+ 83. Kb5 Kd6
84. b7 Rb8 85. Be4 Kc7 86. Bd5 Rd8 87. Kc5 Kb8 88. Kc4 Rd6 89. Kc5 Rh6 90. Kb5
Rh5 91. Kc5 Rh6 92. Kc4 Kc7 93. Kc5 Rh5 94. Kd4 Rg5 95. Kc5 Rg7 96. Kd4 Rg5 97.
Kc5 Rh5 98. Kd4 Rh2 99. Kc5 Rc2+ 100. Kb5 Rb2+ 101. Kc5 Rb1 102. Be4 Rc1+ 103.
Kd4 Re1 104. Bd5 Rd1+ 105. Kc5 Rc1+ 106. Kd4 Rb1 107. Kc5 Rb2 108. Be4 Re2 109.
Bd5 Re5 110. Kd4 Rxd5+ 111. Kxd5 Kxb7 1/2-1/2

[Event "Titled Tuesday 2022.01.04"]
[Site "chess.com INT"]
[Date "2022.01.04"]
[Round "7"]
[White "Yang, Kaiqi"]
[Black "Kobalia, M."]
[Result "1/2-1/2"]
[WhiteElo "2481"]
[BlackElo "2596"]
[PlyCount "106"]
[EventDate "2022.01.04"]
[EventType "swiss (blitz)"]
[EventRounds "11"]
[EventCountry "NET"]
[Source "Mark Crowther"]
[SourceDate "2022.01.10"]

1. c4 Nf6 2. Nc3 g6 3. e4 d6 4. d4 Bg7 5. Nge2 O-O 6. Ng3 a6 7. Be2 h5 8. Bg5
Nbd7 9. Qd2 c5 10. d5 b5 11. cxb5 axb5 12. Bxb5 Ba6 13. O-O Nh7 14. Bxa6 Rxa6
15. Bh6 h4 16. Nge2 h3 17. Bxg7 hxg2 18. Kxg2 Kxg7 19. f4 Nhf6 20. Kh1 Rh8 21.
Rg1 Rb6 22. Rg2 Rb4 23. Ng3 Kf8 24. Re1 Qb8 25. b3 c4 26. e5 dxe5 27. f5 g5 28.
Qxg5 cxb3 29. axb3 Rg4 30. Qd2 e4 31. Ncxe4 Nxe4 32. Nxe4 Rxg2 33. Qxg2 Qxb3
34. d6 exd6 35. Nxd6 Nf6 36. Qa8+ Kg7 37. Qg2+ Kf8 38. Qa8+ Kg7 39. Rg1+ Kh7
40. Qb7 Qxb7+ 41. Nxb7 Re8 42. Nd6 Re5 43. Nxf7 Rxf5 44. Nd6 Rf2 45. Nc4 Ne4
46. Ne3 Re2 47. Ng4 Nf2+ 48. Nxf2 Rxf2 49. Rg2 Rf1+ 50. Rg1 Rxg1+ 51. Kxg1 Kh6
52. Kg2 Kh5 53. h4 Kxh4 1/2-1/2

[Event "Titled Tuesday 2022.01.04"]
[Site "chess.com INT"]
[Date "2022.01.04"]
[Round "8"]
[White "Pesotskiy, Mikhail"]
[Black "Yang, Kaiqi"]
[Result "1-0"]
[WhiteElo "2217"]
[BlackElo "2481"]
[PlyCount "63"]
[EventDate "2022.01.04"]
[EventType "swiss (blitz)"]
[EventRounds "11"]
[EventCountry "NET"]
[Source "Mark Crowther"]
[SourceDate "2022.01.10"]

1. c4 e6 2. d4 d5 3. cxd5 exd5 4. Nc3 a6 5. Bf4 Nf6 6. Qc2 Bd6 7. Bg5 c6 8. e3
O-O 9. Bd3 h6 10. Bh4 Nbd7 11. Nf3 Re8 12. O-O-O b5 13. Kb1 a5 14. e4 b4 15. e5
bxc3 16. exf6 Nxf6 17. Qxc3 Bd7 18. Ne5 Rb8 19. Nxc6 Qb6 20. Nxb8 Rxb8 21. Bxf6
gxf6 22. Ka1 Bb4 23. Qc1 Kg7 24. Qc2 a4 25. Rb1 Qxd4 26. Rhd1 a3 27. Bf5 axb2+
28. Rxb2 Bxf5 29. Rxd4 Bxc2 30. Rdxb4 Rc8 31. Rd4 Be4 32. Rbd2 1-0